| 000 | 00000nam##2200000za#4500 |
| 001 | 9.529468 |
| 003 | CaOODSP |
| 005 | 20200327083002 |
| 007 | ta |
| 008 | 150406|1997||||xxc||||| f|0| 0 eng|d |
| 020 | |a0-662-63190-0 |
| 040 | |aCaOODSP|beng |
| 041 | |aeng |
| 041 | |afre |
| 043 | |an-cn--- |
| 086 | 1 |aC21-24/16-1997 |
| 110 | 1 |aCanada.|bIndustry Canada. |bMicro-Economic Analysis Directorate. |
| 245 | 10|aBusiness strategies of SMEs and large firms in Canada / |cby Gilles McDougall and David Swimmer. |
| 260 | |aOttawa - Ontario : |bIndustry Canada. |cOctober 1997. |
| 300 | |aEnglish text, iii, 68p. : |bgraphs, tables ; |c28 cm. |
| 490 | 1 |aWorking paper|vNo. 16 |
| 500 | |a"This research investigates the strategies for growth and competitiveness pursued by large firms and small and medium-sized enterprises (SMEs), to find out whether they differ and, if so, whether these differences can help identify problems specific to SMEs."--Executive summary. N.B.: Incorrect catalogue number (C21-24/18-1997) printed in this publication. |
| 504 | |aBibliography. |
| 520 | 3 |aThis research investigates the strategies for growth and competitiveness pursued by large firms and small and medium-sized enterprises (SMEs), to find out whether they differ and, if so, whether these differences can help identify problems specific to SMEs.--Executive summary |
| 546 | |aBilingual |
| 563 | |aSoftcover |
| 590 | |a97-49|b1997-12-05 |
| 720 | 1 |aMcdougall, Gilles |
| 720 | 1 |aSwimmer, David |
| 776 | 0#|tBusiness strategies of SMEs and large firms in Canada / |w(CaOODSP)9.570575 |
| 776 | 0#|tStratégies commerciales des PME et des grandes entreprises au Canada / |w(CaOODSP)9.601224 |
| 792 | |tStratégies commerciales des PME et des grandes entreprises au Canada / |efre|w(CaOODSP)9.529469 |
| 830 | #0|aWorking paper ;|vNo. 16|w(CaOODSP)9.509052 |